000 00838cam a2200205 i 4500
005 20251108173129.0
008 250721s2005 ts gr 000 0 ara d
082 1 4 _a070.43
_bن ص ر
100 1 _aنصر، حسني محمد
_eمؤلف.
245 1 0 _aالفن الصحفي في عصر المعلومات تحرير و كتابة التحقيقات و الأحاديث الصحفية /
_cتاليف د. حسني محمد نصر، د. سناء عبد الرحمن.
250 _aالطبعة الاولى
264 3 1 _aالعين :
_bدار الكتاب الجامعي،
_c2005.
300 _a392 صفحة.
650 1 7 _aالصحافة.
650 1 7 _aالتحرير الصحفي.
650 1 7 _aالحواسيب.
700 1 _aعبد الرحمن، سناء
_eمؤلف.
942 _2ddc
_cBK
999 _c96742
_d96742